Antología poética / (Record no. 83819)

MARC details
000 -CABECERA
campo de control de longitud fija 00623nam a2200217 a 4500
005 - FECHA Y HORA DE LA ÚLTIMA TRANSACCIÓN
campo de control 20231101063648.0
008 - ELEMENTOS DE LONGITUD FIJA--INFORMACIÓN GENERAL
campo de control de longitud fija 010720s1990 r 000 0 eng d
020 ## - NÚMERO INTERNACIONAL NORMALIZADO PARA LIBROS
Número Internacional Estándar del Libro 968293009X
035 ## - NÚMERO DE CONTROL DEL SISTEMA
Número de control de sistema UPN01000109909
049 ## - COLECCIÓN
Colección SEP
050 #4 - SIGNATURA TOPOGRÁFICA DE LA BIBLIOTECA DEL CONGRESO
Número de clasificación PQ7104
Número de documento/Ítem L58 no.19
100 1# - ASIENTO PRINCIPAL--NOMBRE PERSONAL
Nombre de persona Garfias, Pedro.
245 10 - MENCIÓN DE TÍTULO
Título Antología poética /
Mención de responsabilidad, etc. Pedro Garfias ; selec. Juan Rejano ; presentación Enrique López Aguilar.
260 ## - PUBLICACIÓN, DISTRIBUCIÓN, ETC.
Lugar de publicación, distribución, etc. México :
Nombre del editor, distribuidor, etc. CNCA,
Fecha de publicación, distribución, etc. 1990.
300 ## - DESCRIPCIÓN FÍSICA
Extensión 232 p.
440 #0 - MENCIÓN DE SERIE/ASIENTO SECUNDARIO--TÍTULO
Título Lecturas mexicanas.
Nombre de parte o sección de la obra Tercera serie ;
Designación de volumen o secuencia 19
650 #4 - ASIENTO SECUNDARIO DE MATERIA - TERMINO TEMATICO
Término de materia o nombre geográfico como elemento de entrada Poesía mexicana
9 (RLIN) 1273
901 ## - ELEMENTOS DE DATOS A LOCAL LDA (RLIN)
a 182702
902 ## - ELEMENTOS DE DATOS B LOCAL, LDB (RLIN)
Creó MCM/cav
905 ## - TIPO DE MATERIAL
Tipo de material Libro
Holdings
Estado de retiro Estado de pérdida Fuente del sistema de clasificación o colocación Estado dañado No para préstamo Código de colección Localización permanente Ubicación/localización actual Ubicación en estantería Fecha de adquisición Clasificación Código de barras Fecha visto por última vez Número de copia Tipo de ítem Koha
    Library of Congress Classification   En proceso Colección General Bib. Gregorio Torres Quintero Bib. Gregorio Torres Quintero Planta baja 09/05/2023 PQ7104 L58 no.19 182702 31/12/2020 1 Libro